00523nam a2200193 a 4500001001300000003000900013005001700022008004100039020001200080082001800092100001700110245003500127260004100162300001000203500003500213505003000248650003400278700001700312nice12345678IN_TiNIC20260116013927.0050524s1997 oxfa grp 000 0 eng  ac22.9500a297.1226bESA aEsack, Farid aQuran Liberation and Pluralism aOxfordbOne World Publicationsc1997 a288p. aincludes index and biblioraphy2 aBibliography, Maps, Index aQuran and Liberation Theology1 aEsack, Farid